000 00476nam a22001217a 4500
999 _c9862
_d9862
003 OSt
008 201203b ||||| |||| 00| 0 eng d
245 _aThe ICFAI University journal of business strategy : IJBS
250 _a2017(Mar Vol.14 No.1, Jun Vol.14 No.2, Sep Vol.14 No.3, Dec Vol.14 No.3) 2018(Mar Vol.15 No.1, Jun Vol.15 No.2, Sep Vol.15 No.3, Dec Vol.15 No.4)
260 _bICFAI University Press
_aHyderabad, Andhra Pradesh
650 _aManagement
942 _2ddc
_cBV